[Event "Youth Classic 2019 - Youth Open U14"]
[Site "Bad Soden, Hasselgrundhalle"]
[Date "2019.10.06"]
[Round "9.19"]
[White "Melchior, Christopher"]
[Black "Kramer, Theodor"]
[Result "1-0"]
[WhiteElo "1229"]
[BlackElo "862"]
[PlyCount "77"]
[EventDate "2019.??.??"]
[WhiteTeam "SK Gernsheim"]
[BlackTeam "SC Bad Soden"]

1. d4 d5 2. c4 e6 3. Nc3 Nf6 4. Bg5 Be7 5. Nf3 Nc6 6. e3 b6 7. cxd5 exd5 8. Bb5
Bb7 9. Qa4 Ne4 10. Bxe7 Kxe7 11. Bxc6 Bxc6 12. Qxc6 Nxc3 13. Qxc3 h6 14. O-O
Re8 15. Rac1 Rc8 16. Qd3 Rh8 17. Ne5 Kf8 18. Qf5 Qe8 19. Ng6+ Kg8 20. Nxh8 Kxh8
21. Qxd5 c6 22. Qc4 b5 23. Qc5 Rc7 24. d5 Qe4 25. d6 Rd7 26. Qxc6 Qxc6 27. Rxc6
Kg8 28. Rd1 Kf8 29. Rc7 Ke8 30. Rxd7 Kxd7 31. e4 g6 32. e5 a6 33. Rd3 h5 34.
Rf3 Ke6 35. Ra3 Kxe5 36. d7 Kd4 37. d8=Q+ Kc4 38. Qd3+ Kb4 39. Qc3# 1-0

[Event "Youth Classic 2019 - Youth Open U14"]
[Site "Bad Soden, Hasselgrundhalle"]
[Date "2019.10.06"]
[Round "9.21"]
[White "Radutny, Alexej"]
[Black "Galaida, Artur"]
[Result "0-1"]
[WhiteElo "1023"]
[BlackElo "1210"]
[PlyCount "60"]
[EventDate "2019.??.??"]
[WhiteTeam "SK Bad Homburg"]
[BlackTeam "Vorw.Orient Mainz"]

1. d4 d5 2. c4 e6 3. Nc3 Nf6 4. Bg5 Be7 5. e3 O-O 6. Nf3 Re8 7. Bd3 dxc4 8.
Bxc4 c5 9. Bxf6 Bxf6 10. dxc5 Qa5 11. Qc2 Bxc3+ 12. bxc3 Qxc5 13. Bd3 g6 14.
O-O Nc6 15. Nd4 e5 16. Nb5 Re7 17. Qb3 Be6 18. c4 Na5 19. Qc2 Nxc4 20. Rac1
Qxb5 21. Bxc4 Bxc4 22. Qxc4 Qxc4 23. Rxc4 Rd8 24. f4 exf4 25. exf4 Rd2 26. a4
Ree2 27. Rc8+ Kg7 28. Rf3 Rxg2+ 29. Kf1 Rxh2 30. Ra8 Rh1# 0-1

[Event "Youth Classic 2019 - Youth Open U14"]
[Site "Bad Soden, Hasselgrundhalle"]
[Date "2019.10.06"]
[Round "9.22"]
[White "Li, Toplink"]
[Black "Özyar, Arin"]
[Result "1-0"]
[WhiteElo "987"]
[BlackElo "1345"]
[PlyCount "67"]
[EventDate "2019.??.??"]
[WhiteTeam "Frankfurter TV"]
[BlackTeam "SC Bad Soden"]

1. e4 e5 2. Nf3 Nc6 3. d4 exd4 4. Nxd4 Bc5 5. Be3 Qf6 6. c3 Nxd4 7. cxd4 Bb4+
8. Nc3 Qc6 9. Qd2 Nf6 10. f3 O-O 11. Bd3 d5 12. e5 Nd7 13. a3 Ba5 14. b4 Bb6
15. Qc2 Kh8 16. f4 Re8 17. O-O f6 18. Rae1 fxe5 19. fxe5 g6 20. a4 Nxe5 21. Bb5
Qd6 22. Bxe8 Bf5 23. Rxf5 gxf5 24. dxe5 Qxe5 25. Qd2 Rxe8 26. Nxd5 Rd8 27. Bxb6
Rxd5 28. Rxe5 Rxd2 29. Bxc7 Rd4 30. Rxf5 Rxb4 31. Rg5 h6 32. Be5+ Kh7 33. Rg7+
Kh8 34. Rg4+ 1-0

[Event "Youth Classic 2019 - Youth Open U14"]
[Site "Bad Soden, Hasselgrundhalle"]
[Date "2019.10.06"]
[Round "9.23"]
[White "Tychyna, Margarita"]
[Black "Roos Nazario, Lukas"]
[Result "1-0"]
[WhiteElo "1088"]
[BlackElo "807"]
[PlyCount "45"]
[EventDate "2019.??.??"]
[WhiteTeam "SK Bad Homburg"]
[BlackTeam "TTC Grün-Weiß Fritzdorf"]

1. e4 e5 2. Nf3 Nc6 3. d4 Bd6 4. d5 Nce7 5. Nc3 c6 6. dxc6 Nxc6 7. Bc4 Nf6 8.
Qxd6 Qb6 9. Nxe5 Nxe5 10. Qxe5+ Kd8 11. Bxf7 Ng4 12. Qg5+ Qf6 13. Qxg4 Qxf7 14.
O-O d5 15. Qg5+ Ke8 16. Nxd5 h6 17. Qg3 b6 18. Nc7+ Ke7 19. Nxa8 Ba6 20. Rd1
Qc4 21. Qe5+ Kf7 22. Rd7+ Kg8 23. Qxg7# 1-0

[Event "Youth Classic 2019 - Youth Open U14"]
[Site "Bad Soden, Hasselgrundhalle"]
[Date "2019.10.06"]
[Round "9.24"]
[White "Püschel-Esparza, Mateo"]
[Black "Vucinec, Myla"]
[Result "1-0"]
[WhiteElo "1085"]
[BlackElo "876"]
[PlyCount "89"]
[EventDate "2019.??.??"]
[WhiteTeam "SC Landskrone"]
[BlackTeam "Sfr. Kelkheim"]

1. d4 d5 2. Bf4 Bf5 3. e3 Nc6 4. c3 Nf6 5. Nd2 e6 6. Ngf3 Ne4 7. Ne5 Qe7 8. Bb5
f6 9. Nxc6 bxc6 10. Bxc6+ Kf7 11. Bxa8 Qd7 12. Qh5+ g6 13. Qe2 Bd6 14. Bxd6
Qxd6 15. g4 Nxd2 16. gxf5 Rxa8 17. fxg6+ hxg6 18. Qxd2 Rb8 19. O-O-O Qa6 20. a3
Qc4 21. Qd3 Qa2 22. Qb1 Qb3 23. Rhg1 g5 24. Qh7+ Kf8 25. Qc2 Qa2 26. Qb1 Qb3
27. Rd3 Qxa3 28. bxa3 Rxb1+ 29. Kxb1 Ke7 30. c4 dxc4 31. Rc3 Kd6 32. e4 c5 33.
Rxc4 cxd4 34. Rxd4+ Ke5 35. Ra4 Kf4 36. Rxa7 Kxe4 37. Re1+ Kf5 38. Ra5+ e5 39.
Rb5 Kf4 40. a4 f5 41. Rexe5 Kf3 42. Rxf5+ Kg2 43. Rxg5+ Kxh2 44. Rb8 Kh3 45.
Rh8# 1-0

[Event "Youth Classic 2019 - Youth Open U14"]
[Site "Bad Soden, Hasselgrundhalle"]
[Date "2019.10.06"]
[Round "9.25"]
[White "Chen, Marvin"]
[Black "Sauer, Daniel"]
[Result "0-1"]
[WhiteElo "914"]
[BlackElo "1133"]
[PlyCount "28"]
[EventDate "2019.??.??"]
[WhiteTeam "SC Bad Soden"]
[BlackTeam "Post  Schw. Hall"]

1. e4 e5 2. Nf3 Nc6 3. Bc4 Bc5 4. Nc3 d6 5. d3 Nf6 6. Bg5 h6 7. Bh4 Bg4 8. O-O
Nd4 9. Nd5 Nxf3+ 10. gxf3 Bh5 11. Qd2 c6 12. Nxf6+ gxf6 13. f4 Rg8+ 14. Kh1
Bf3# 0-1

[Event "Youth Classic 2019 - Youth Open U14"]
[Site "Bad Soden, Hasselgrundhalle"]
[Date "2019.10.06"]
[Round "9.26"]
[White "Chhajed, Divyam"]
[Black "Fischer, Frederik"]
[Result "1/2-1/2"]
[WhiteElo "1112"]
[BlackElo "878"]
[PlyCount "36"]
[EventDate "2019.??.??"]
[WhiteTeam "SK Bickenbach"]
[BlackTeam "SV Oberursel"]

1. e4 e5 2. Nf3 Nc6 3. Bc4 Bc5 4. Nc3 d6 5. h3 b6 6. Bb5 Bd7 7. d3 Nge7 8. Bg5
f6 9. Bh4 O-O 10. Qd2 a6 11. Bc4+ Kh8 12. Nd5 Nxd5 13. Bxd5 Rb8 14. a3 b5 15.
b4 Bd4 16. c3 Bb6 17. Bb3 Qe7 18. Rc1 Be6 1/2-1/2

[Event "Youth Classic 2019 - Youth Open U14"]
[Site "Bad Soden, Hasselgrundhalle"]
[Date "2019.10.06"]
[Round "9.27"]
[White "Jiang, Philipp"]
[Black "Stehning, Michel"]
[Result "1-0"]
[WhiteElo "915"]
[BlackElo "1020"]
[PlyCount "87"]
[EventDate "2019.??.??"]
[WhiteTeam "SV Frankfurt Nord"]
[BlackTeam "SF Braunfels"]

1. c4 e5 2. Nc3 Nf6 3. g3 c6 4. Bg2 Bb4 5. d3 d5 6. cxd5 cxd5 7. Bd2 d4 8. Ne4
Nxe4 9. Bxb4 Nd6 10. Nf3 Nc6 11. Qb3 O-O 12. O-O a5 13. Bc5 b6 14. Bxd6 Be6 15.
Qa3 Re8 16. Bxe5 Nxe5 17. Nxe5 Bd7 18. Nxd7 Qxd7 19. Bxa8 Rxa8 20. Rac1 b5 21.
b4 a4 22. Rc2 Qe7 23. Qc1 h6 24. Rc8+ Rxc8 25. Qxc8+ Kh7 26. Qf5+ g6 27. Qxb5
a3 28. Qc5 Qxe2 29. Qxd4 Qxa2 30. Ra1 Qb3 31. Qc4 Qa4 32. Qxf7+ Kh8 33. Re1 Qa8
34. Re8+ Qxe8 35. Qxe8+ Kh7 36. Qa8 h5 37. Qxa3 h4 38. b5 hxg3 39. hxg3 g5 40.
Qd6 g4 41. b6 Kg8 42. Qe7 Kh8 43. b7 Kg8 44. b8=Q# 1-0

[Event "Youth Classic 2019 - Youth Open U14"]
[Site "Bad Soden, Hasselgrundhalle"]
[Date "2019.10.06"]
[Round "9.28"]
[White "Sirohi, Varun"]
[Black "Sadri, Adrian"]
[Result "1-0"]
[WhiteElo "894"]
[BlackElo "1243"]
[PlyCount "59"]
[EventDate "2019.??.??"]
[WhiteTeam "Schachforum Darmstadt"]
[BlackTeam "SC Bad Soden"]

1. e4 e5 2. Nf3 Nc6 3. Bc4 Nf6 4. d3 Bc5 5. Bg5 h6 6. Bh4 b6 7. c3 Bb7 8. d4
exd4 9. cxd4 Bb4+ 10. Nc3 Ne7 11. Bxf6 gxf6 12. Qe2 d5 13. exd5 Bxd5 14. Bxd5
Qxd5 15. O-O Qc6 16. Rfe1 Rg8 17. a3 Bd6 18. d5 Qd7 19. Ne4 Qh3 20. Nxd6+ Kf8
21. Qxe7+ Kg7 22. gxh3 Kh8+ 23. Kf1 cxd6 24. Qxf6+ Rg7 25. Qxh6+ Rh7 26. Qf6+
Rg7 27. Re7 Rag8 28. Rxf7 a5 29. Qh6+ Rh7 30. Rxh7# 1-0

[Event "Youth Classic 2019 - Youth Open U14"]
[Site "Bad Soden, Hasselgrundhalle"]
[Date "2019.10.06"]
[Round "9.30"]
[White "Pöpplow, Peer"]
[Black "Munteanu, Rares"]
[Result "1/2-1/2"]
[WhiteElo "816"]
[BlackElo "871"]
[PlyCount "114"]
[EventDate "2019.??.??"]
[WhiteTeam "Chess Tigers"]
[BlackTeam "SK Bickenbach"]

1. e4 c5 2. Nf3 Nc6 3. Nc3 e6 4. Bc4 Nf6 5. d3 h6 6. Bf4 d5 7. exd5 exd5 8.
Qe2+ Be6 9. Bb5 Qb6 10. O-O Be7 11. h3 O-O 12. Nh4 a6 13. Bxc6 Qxc6 14. Qf3 Bd6
15. Bd2 Nd7 16. Nf5 Bxf5 17. Qxf5 Nf6 18. Ne2 Rfe8 19. Nf4 Bxf4 20. Qxf4 Re6
21. Qg3 Nd7 22. Rae1 Rae8 23. Rxe6 Rxe6 24. Re1 Rxe1+ 25. Bxe1 Ne5 26. Qxe5 d4
27. Qg3 Qe6 28. Bd2 Qe2 29. Bxh6 Qe1+ 30. Kh2 g6 31. Qd6 Qe8 32. Qf4 Qe7 33.
Bg5 Qf8 34. c3 dxc3 35. bxc3 Kh7 36. Qe3 f6 37. Bh4 b6 38. Qe6 Qb8+ 39. Kg1 Qd8
40. Qe3 Qd6 41. Qf3 Kg7 42. Qb7+ Kh6 43. Qf7 g5 44. Bg3 Qd8 45. f4 Qxd3 46. Kh2
Qxc3 47. fxg5+ fxg5 48. Qf8+ Kh7 49. Qe7+ Kh6 50. h4 gxh4 51. Bxh4 Qd2 52. Qe6+
Kh5 53. Kh3 Qd3+ 54. g3 Qf1+ 55. Kh2 Qf2+ 56. Kh3 Qf1+ 57. Kh2 Qf2+ 1/2-1/2

[Event "Youth Classic 2019 - Youth Open U14"]
[Site "Bad Soden, Hasselgrundhalle"]
[Date "2019.10.06"]
[Round "9.32"]
[White "Geyer, Vincent"]
[Black "Müller, Mirelle-Fabienne"]
[Result "1-0"]
[WhiteElo "823"]
[BlackElo "870"]
[PlyCount "51"]
[EventDate "2019.??.??"]
[WhiteTeam "Europäische Schule Rhein-Main"]
[BlackTeam "SC Landskrone"]

1. e4 e5 2. Nf3 Nc6 3. Bc4 Bc5 4. O-O Nf6 5. d4 Nxd4 6. Nxe5 Nxe4 7. Qh5 g6 8.
Qg4 d5 9. Qf4 O-O 10. Bxd5 Qxd5 11. Nc3 Ne6 12. Qh6 Qxe5 13. Rd1 Bxf2+ 14. Kh1
Bc5 15. Bg5 N6xg5 16. Rd5 Nf2+ 17. Kg1 Nfh3+ 18. Kf1 Qf6+ 19. Ke1 Qf2+ 20. Kd1
Qf1+ 21. Kd2 Qxa1 22. Rxc5 Rd8+ 23. Nd5 Ne4+ 24. Ke3 Nxc5 25. Nf6+ Kh8 26.
Qxh7# 1-0